| 000 | 00955nam a2200193 i 4500 | ||
|---|---|---|---|
| 001 | 185238 | ||
| 003 | ES-MaACL | ||
| 005 | 20230906222358.0 | ||
| 008 | 160422s1905 fr |||| | fre d | ||
| 110 | 2 |
_aV. Giard & E. Brière. _9159300 |
|
| 245 | 1 | 0 |
_aOuvrages du fonds _b: catalogue classé dans l'ordre alphabétique des noms d'auteurs. |
| 260 |
_aParis : _bV. Giard & E. Brière, _c1905. |
||
| 300 |
_a2 v. ; _c22 cm. |
||
| 505 | 8 | _aContiene: Première partie: droit civil, penal, commercial, international, privé et public. Procedure. Droit administratif. Législation coloniale. Droit étranger. Assurances -- Duxième partie: Economie politique. Legislation ouvrière. Sociologie. Socialisme. Science finacière. Bourse. Philosophie et divers. | |
| 610 | 2 | 4 |
_aV. Giard & E. Brière- _vCatálogos. _9159423 |
| 650 | 4 |
_aLibros- _vCatálogos comerciales. _9159004 |
|
| 650 | 4 |
_aDerecho- _vBibliografías. _9159301 |
|
| 852 |
_aES-MaACL _j1529-F-2-3 |
||
| 999 |
_c185238 _d185238 |
||